000 00929nam0a22002771 4500
001 RU\NLR\A1SV\114254
005 20251203171251.9
035 _a(NLR Aleph) 009795607
090 _a10154897
_c10154897
100 _a20120608d1925 u y0rusy50 ca
101 0 _arus
102 _aRU
200 1 _aТележное и колесное производство
_eПрактич. рук. по выделке колес, телег и саней с прил. рецептов колесных и других мазей
_fИнж. П.В.Самойлов
210 _aЛ.
_cМысль
_d1925
215 _a80, [1] с.
_cил., черт.
_d18 см
620 _dСанкт-Петербург
700 1 _aСамойлов
_bП.В.
801 0 _aRU
_bNLR
_c20120608
852 _aNLR
_j38.54.1.16
899 _aРГБ
899 _aСПбГУ
899 _aКирОУНБ
942 _cBOOK
980 _aNB
980 _aA1SV